| 000 | 00458nam a22001697a 4500 | ||
|---|---|---|---|
| 003 | OSt | ||
| 008 | 260506b |||||||| |||| 00| 0 eng d | ||
| 082 |
_a633.492 _bS31V |
||
| 100 | _aShahi, Mrigendra Kumar | ||
| 245 | _aVariety-Nitrogen Interaction in Sweet Potato (Ipomoea batatas Lam.) and Its Quality | ||
| 260 |
_aDholi, Muzaffarpur _bRAU, _c1981 |
||
| 300 | _a76P. | ||
| 502 |
_bMsc. _d1981 |
||
| 650 | _aAgronomy | ||
| 650 | _aMsc. | ||
| 942 |
_2ddc _cT |
||
| 999 |
_c50474 _d50474 |
||